[Event "ESP-chT CECLUB Div2"]
[Site "Linares"]
[Date "2022.08.25"]
[Round "5.8"]
[White "Amador Garcia, Ismael"]
[Black "Lobo Rodriguez, Jesus Angel"]
[Result "1-0"]
[WhiteElo "2128"]
[BlackElo "2033"]
[PlyCount "61"]
[EventDate "2022.08.22"]
[EventType "team-swiss"]
[EventRounds "7"]
[EventCountry "ESP"]
[SourceTitle "CBM 209 Extra"]
[Source "ChessBase"]
[SourceDate "2022.09.30"]
[SourceVersion "1"]
[SourceVersionDate "2022.09.30"]
[SourceQuality "1"]
[WhiteTeam "Ebano Barrio Nuevo"]
[BlackTeam "Covadonga Cultura"]
[WhiteTeamCountry "ESP"]
[BlackTeamCountry "ESP"]

1. e4 c6 2. d4 d5 3. e5 Bf5 4. c4 e6 5. Nc3 Nd7 6. cxd5 exd5 7. Bd3 Bxd3 8. Qxd3 g6 9. Nf3 Bg7 10. 0-0 Nh6 11. Re1 0-0 12. Bg5 Qc8 13. Qd2 Nf5 14. g4 h6 15. gxf5 hxg5 16. Qxg5 gxf5 17. Kh1 f6 18. exf6 Nxf6 19. Re7 Rf7 20. Rxf7 Kxf7 21. Ne5+ Kg8 22. Rg1 Qf8 23. Qxf5 Re8 24. f3 Nh7 25. Qh5 Re6 26. Ne2 c5 27. Qg4 Rh6 28. Nf4 Nf6 29. Qe6+ Kh7 30. Qf5+ Kg8 31. Ne6 1-0

[Event "Trevias op 22nd"]
[Site "Trevias"]
[Date "2016.09.15"]
[Round "4"]
[White "Perez Mitjans, Orelvis"]
[Black "Lobo Rodriguez, Jesus Angel"]
[Result "1-0"]
[WhiteElo "2433"]
[BlackElo "2124"]
[PlyCount "59"]
[EventDate "2016.09.12"]
[EventType "swiss"]
[EventRounds "7"]
[EventCountry "ESP"]
[SourceTitle "CBM 174 Extra"]
[Source "ChessBase"]
[SourceDate "2016.10.10"]
[SourceVersion "1"]
[SourceVersionDate "2016.10.10"]
[SourceQuality "1"]

1. e4 c5 2. Nf3 e6 3. d4 cxd4 4. Nxd4 Nc6 5. Nxc6 bxc6 6. Bd3 Nf6 7. 0-0 d5 8. Nd2 Be7 9. e5 Nd7 10. Qg4 Nxe5 11. Qxg7 Bf6 12. Qg3 Bb7 13. Nb3 Nd7 14. Re1 Qb6 15. Bf4 0-0-0 16. Bd2 Qc7 17. Qh3 Rdg8 18. c4 dxc4 19. Bxc4 c5 20. Bf1 Qc6 21. Na5 Qd5 22. Nxb7 Kxb7 23. Bc3 Bd4 24. Bxd4 cxd4 25. Qa3 Ne5 26. Rxe5 Qxe5 27. g3 Rb8 28. Rc1 a5 29. Rc5 Qd6 30. Bg2+ 1-0

[Event "Oviedo Fapa op"]
[Site "Oviedo"]
[Date "2009.12.27"]
[Round "2"]
[White "Chakhoyan, Konstantin"]
[Black "Lobo Rodriguez, Jesus Angel"]
[Result "0-1"]
[WhiteElo "2064"]
[BlackElo "2261"]
[PlyCount "60"]
[EventDate "2009.12.26"]
[EventType "swiss"]
[EventRounds "9"]
[EventCountry "ESP"]
[SourceTitle "CBM 134 Extra"]
[Source "ChessBase"]
[SourceDate "2010.03.03"]
[SourceVersion "1"]
[SourceVersionDate "2010.03.03"]
[SourceQuality "1"]

1. d4 Nf6 2. Nf3 c5 3. g3 cxd4 4. Nxd4 d5 5. Bg2 e5 6. Nb3 Be6 7. 0-0 Be7 8. c4 Nc6 9. Nc3 d4 10. Na4 Bxc4 11. Bg5 0-0 12. Nac5 Bxb3 13. Nxb3 Rc8 14. Rc1 Nd5 15. Bxe7 Ncxe7 16. Rxc8 Qxc8 17. Bxd5 Nxd5 18. e3 Nf6 19. exd4 Rd8 20. Qc1 Qh3 21. Qc7 Re8 22. Qxb7 e4 23. f3 e3 24. Re1 h5 25. Qc7 Rc8 26. Qxc8+ Qxc8 27. Rxe3 Qc2 28. Re5 Qxb2 29. Ra5 Qe2 30. Rxa7 Qxf3 0-1

[Event "Oviedo op 3rd"]
[Site "Oviedo"]
[Date "2008.07.29"]
[Round "7"]
[White "Vigil Alvarez, Luis Javier"]
[Black "Lobo Rodriguez, Jesus Angel"]
[Result "1-0"]
[WhiteElo "2291"]
[BlackElo "2261"]
[PlyCount "84"]
[EventDate "2008.07.23"]
[EventType "swiss"]
[EventRounds "9"]
[EventCountry "ESP"]
[SourceTitle "CBM 125 Extra"]
[Source "ChessBase"]
[SourceDate "2008.09.01"]
[SourceVersion "1"]
[SourceVersionDate "2008.09.01"]
[SourceQuality "1"]

1. d4 Nf6 2. Bg5 e6 3. Nd2 c5 4. e3 Be7 5. Ngf3 b6 6. Bd3 Ba6 7. Bxa6 Nxa6 8. 0-0 cxd4 9. exd4 0-0 10. Re1 Nc7 11. Ne5 Nfd5 12. Bxe7 Nxe7 13. a4 d6 14. Nec4 Nc6 15. Nf1 Nd5 16. Ra3 Rc8 17. Rh3 Nf4 18. Rg3 Ne7 19. Nfe3 Neg6 20. Na3 h5 21. Kh1 h4 22. Rf3 Qg5 23. Nb5 Rcd8 24. Nc3 d5 25. Ne2 e5 26. Nxf4 exf4 27. Nf1 Rfe8 28. h3 Re4 29. Nh2 Rde8 30. Rf1 f5 31. Rd3 Nf8 32. Nf3 Qf6 33. b3 g5 34. c4 g4 35. Ne5 Ne6 36. hxg4 dxc4 37. bxc4 Nxd4 38. Rxd4 Qxe5 39. Rd5 Qc3 40. gxf5 Re2 41. Rd8 Qxc4 42. Qd7 R2e7 1-0

[Event "Oviedo op 3rd"]
[Site "Oviedo"]
[Date "2008.07.28"]
[Round "6"]
[White "Lobo Rodriguez, Jesus Angel"]
[Black "Garcia Garcia, Jesus"]
[Result "1-0"]
[WhiteElo "2261"]
[BlackElo "1960"]
[PlyCount "94"]
[EventDate "2008.07.23"]
[EventType "swiss"]
[EventRounds "9"]
[EventCountry "ESP"]
[SourceTitle "CBM 125 Extra"]
[Source "ChessBase"]
[SourceDate "2008.09.01"]
[SourceVersion "1"]
[SourceVersionDate "2008.09.01"]
[SourceQuality "1"]

1. d4 Nf6 2. c4 e6 3. Nf3 b6 4. a3 Bb7 5. Nc3 Be7 6. d5 d6 7. dxe6 fxe6 8. e4 Nbd7 9. Nd4 Nc5 10. f3 e5 11. Nf5 g6 12. Nh6 Ng8 13. Nxg8 Rxg8 14. Nd5 Qd7 15. Be3 Ne6 16. g3 c6 17. Nxe7 Qxe7 18. Qa4 Rf8 19. Bg2 Qd7 20. 0-0 c5 21. Qc2 Nd4 22. Qd3 0-0-0 23. a4 a5 24. Rf2 Kc7 25. Bh6 Rf7 26. b3 Bc6 27. Raf1 Re8 28. h4 Ree7 29. Kh2 Kb7 30. Bh3 Qe8 31. Be3 Qf8 32. Bg2 Bd7 33. f4 Qb8 34. f5 Ka6 35. fxg6 Rxf2 36. Rxf2 hxg6 37. Rf6 Re6 38. Rf2 Re8 39. Bxd4 cxd4 40. Rf6 Re6 41. c5+ Ka7 42. Rf7 Qc8 43. Bh3 Qe8 44. Bxe6 Qxe6 45. Qf1 dxc5 46. h5 b5 47. hxg6 Kb6 1-0

[Event "Oviedo op"]
[Site "Oviedo"]
[Date "2006.07.07"]
[Round "7.7"]
[White "Lobo Rodriguez, Jesus Angel"]
[Black "Blanco Acevedo, Cristobal Jose"]
[Result "0-1"]
[WhiteElo "2261"]
[BlackElo "2275"]
[PlyCount "70"]
[EventDate "2006.07.01"]
[EventType "swiss"]
[EventRounds "9"]
[EventCountry "ESP"]
[SourceTitle "CBM 113 Extra"]
[Source "ChessBase"]
[SourceDate "2006.09.14"]
[SourceVersion "1"]
[SourceVersionDate "2006.09.14"]
[SourceQuality "1"]

1. d4 Nf6 2. c4 e5 3. dxe5 Ng4 4. Nf3 Bc5 5. e3 Nc6 6. Be2 Ngxe5 7. Nxe5 Nxe5 8. 0-0 0-0 9. f4 Nc6 10. Nc3 Re8 11. Kh1 Bxe3 12. Bxe3 Rxe3 13. Nd5 Re8 14. Bd3 d6 15. Qh5 h6 16. Rf3 Be6 17. Rg3 Kh8 18. Rf1 Bxd5 19. cxd5 Nb4 20. Qxf7 Re7 21. Qg6 Nxd3 22. Qxd3 Qf8 23. f5 Rae8 24. Qc3 Qxf5 25. Rgf3 Qxd5 26. h3 Kh7 27. Rf5 Qe4 28. Qb3 c5 29. Qg3 Qe6 30. Qd3 Qg6 31. Qd5 Re1 32. Kh2 Rxf1 33. Rxf1 b6 34. Qb7 Re2 35. Rf8 Qe4 0-1

[Event "San Miguel op"]
[Site "Trevias"]
[Date "2004.09.23"]
[Round "4.6"]
[White "Lobo Rodriguez, Jesus Angel"]
[Black "Menendez Villar, Santiago"]
[Result "1-0"]
[WhiteElo "2261"]
[BlackElo "1959"]
[PlyCount "71"]
[EventDate "2004.09.20"]
[EventType "swiss"]
[EventRounds "7"]
[EventCountry "ESP"]
[SourceTitle "EXT 2005"]
[Source "ChessBase"]
[SourceDate "2004.11.15"]
[SourceVersion "1"]
[SourceVersionDate "2004.11.15"]
[SourceQuality "1"]

1. d4 d5 2. c4 e6 3. Nc3 Nf6 4. Bg5 Be7 5. e3 b6 6. cxd5 exd5 7. Nf3 0-0 8. Bd3 Bb7 9. 0-0 Nbd7 10. Rc1 c5 11. Qe2 c4 12. Bb1 a6 13. Rfd1 Re8 14. Ne5 b5 15. a3 h6 16. Bh4 Qc7 17. f4 Qb6 18. Qf3 Rad8 19. Bf5 g6 20. Bxd7 Nxd7 21. Qh3 Nxe5 22. Bxe7 Rxe7 23. fxe5 Kg7 24. Rf1 Re6 25. Qf3 Rd7 26. Ne2 Qd8 27. Nf4 Rb6 28. Qg4 Kh7 29. Rf3 Re7 30. Rg3 Bc8 31. Qf3 Be6 32. Rf1 b4 33. axb4 Rxb4 34. Nxe6 fxe6 35. Qf6 Qe8 36. Rxg6 1-0

[Event "Asturias-ch"]
[Site "Oviedo"]
[Date "2004.03.19"]
[Round "6"]
[White "Lobo Rodriguez, Jesus Angel"]
[Black "Fidalgo Fernandez, Javier"]
[Result "1-0"]
[WhiteElo "2261"]
[BlackElo "2047"]
[PlyCount "120"]
[EventDate "2004.02.21"]
[EventType "swiss"]
[EventRounds "11"]
[EventCountry "ESP"]
[SourceTitle "EXT 2005"]
[Source "ChessBase"]
[SourceDate "2004.11.15"]
[SourceVersion "1"]
[SourceVersionDate "2004.11.15"]
[SourceQuality "1"]

1. d4 g6 2. c4 Bg7 3. e4 d6 4. Nc3 Nf6 5. Nf3 0-0 6. Be2 e5 7. d5 a5 8. h3 Nh5 9. Nd2 Nf4 10. Bf1 Qe8 11. g3 Nh5 12. Be2 Nf6 13. Nf1 Na6 14. g4 Nd7 15. Ng3 Ndc5 16. Be3 f5 17. gxf5 gxf5 18. exf5 Bxf5 19. Nxf5 Rxf5 20. Qd2 Kh8 21. Rg1 Qe7 22. 0-0-0 Rff8 23. Rg4 Bf6 24. Rdg1 Rg8 25. Bd3 b6 26. Bf5 a4 27. Nb5 Qf7 28. Bc2 Raf8 29. Qd1 Nb4 30. Nc3 a3 31. bxa3 Nba6 32. Rxg8+ Rxg8 33. Rxg8+ Qxg8 34. Qg4 Qf8 35. Ne4 Nxe4 36. Qxe4 Qe7 37. Qf5 Nb8 38. Qc8+ Qd8 39. Bf5 Kg7 40. Kc2 Qxc8 41. Bxc8 Bd8 42. Kd3 c5 43. Ke4 Kg6 44. f3 Bh4 45. f4 exf4 46. Bxf4 Be7 47. h4 h5 48. Bf5+ Kg7 49. Bg5 Bf6 50. Bxf6+ Kxf6 51. Bc8 Kg6 52. Kf4 Kf6 53. Ke4 Kg6 54. Kd3 Kf6 55. Kc3 Ke5 56. Kb3 Kd4 57. Bf5 Na6 58. Bg6 Nc7 59. a4 Ke5 60. Bxh5 Na6 1-0

[Event "Asturias-ch"]
[Site "Oviedo"]
[Date "2004.??.??"]
[Round "10"]
[White "Iglesias Valle, Julian"]
[Black "Lobo Rodriguez, Jesus Angel"]
[Result "1/2-1/2"]
[WhiteElo "2111"]
[BlackElo "2261"]
[PlyCount "122"]
[EventDate "2004.02.21"]
[EventType "swiss"]
[EventRounds "11"]
[EventCountry "ESP"]
[SourceTitle "EXT 2005"]
[Source "ChessBase"]
[SourceDate "2004.11.15"]
[SourceVersion "1"]
[SourceVersionDate "2004.11.15"]
[SourceQuality "1"]

1. c4 e5 2. Nc3 Bb4 3. g3 Bxc3 4. bxc3 Nc6 5. Bg2 Nge7 6. c5 d6 7. cxd6 cxd6 8. c4 0-0 9. d3 Be6 10. Nf3 h6 11. 0-0 Qd7 12. Re1 f5 13. Bb2 f4 14. Qc1 Bh3 15. c5 Bxg2 16. Kxg2 Rf6 17. cxd6 Qxd6 18. Qc4+ Kh8 19. Rac1 fxg3 20. hxg3 Raf8 21. Qc5 Qe6 22. Bxe5 Nxe5 23. Qxe5 Qxe5 24. Nxe5 Rxf2+ 25. Kg1 R2f5 26. Rf1 Kg8 27. Rxf5 Nxf5 28. g4 Nd4 29. Rc7 Nxe2+ 30. Kg2 Re8 31. Ng6 Re6 32. Ne7+ Kf8 33. Nf5 Nf4+ 34. Kf3 Nxd3 35. Rxb7 g6 36. Nxh6 Ra6 37. Rf7+ Ke8 38. Ke4 Nc5+ 39. Kd5 Nd7 40. Rf2 Nf8 41. Nf7 Ke7 42. Ne5 Ra5+ 43. Ke4 Ra4+ 44. Kd5 Ra5+ 45. Ke4 Ke6 46. Nc6 Ra4+ 47. Nd4+ Ke7 48. Kd5 Ra5+ 49. Ke4 Ra6 50. Kd5 Rd6+ 51. Ke4 Nd7 52. g5 Nc5+ 53. Ke3 Ra6 54. Re2 Kd6 55. Nb5+ Ke5 56. Kf3+ Kf5 57. Nd4+ Kxg5 58. Re5+ Kf6 59. Rxc5 Rxa2 60. Ke4 a5 61. Rc6+ Kg5 1/2-1/2